| 000 | 02225nam a22004814a 4500 | ||
|---|---|---|---|
| 001 | ebr10236064 | ||
| 003 | CaPaEBR | ||
| 006 | m u | ||
| 007 | cr cn||||||||| | ||
| 008 | 071127s2008 dcuab sb i001 0 eng | ||
| 010 | _z 2007048479 | ||
| 015 |
_aGBA883915 _2bnb |
||
| 016 | 7 |
_z014657605 _2Uk |
|
| 020 | _z9780821374191 | ||
| 020 | _z0821374192 | ||
| 020 | _z9780821374207 (electronic) | ||
| 020 | _z0821374206 (electronic) | ||
| 040 |
_aCaPaEBR _cCaPaEBR |
||
| 035 | _a(OCoLC)244103606 | ||
| 043 |
_aee----- _aac----- |
||
| 050 | 1 | 4 |
_aHD1920.7.Z8 _bD57 2008eb |
| 082 | 0 | 4 |
_a338.1/847 _222 |
| 245 | 0 | 0 |
_aDistortions to agricultural incentives in Europe's transition economies _h[electronic resource] / _cKym Anderson and Johan Swinnen, editors. |
| 260 |
_aWashington, D.C. : _bWorld Bank, _cc2008. |
||
| 300 |
_axviii, 379 p. : _bill., map. |
||
| 490 | 1 | _aTrade and development | |
| 504 | _aIncludes bibliographical references and index. | ||
| 505 | 0 | _aNew EU member countries / Pavel Ciaian and Johan Swinnen -- Turkey / Alison Burrell and Marianne Kurzweil -- The Russian Federation / William M. Liefert and Olga Liefert -- Ukraine / Stephan von Cramon-Taubadel ... [et al.] -- Kazakhstan / Richard Pomfret -- The Kyrgyz Republic / Garry Christensen and Richard Pomfret -- Tajikistan, Turkmenistan, and Uzbekistan / Richard Pomfret. | |
| 533 |
_aElectronic reproduction. _bPalo Alto, Calif. : _cebrary, _d2013. _nAvailable via World Wide Web. _nAccess may be limited to ebrary affiliated libraries. |
||
| 610 | 2 | 0 | _aEuropean Union. |
| 650 | 0 |
_aAgriculture and state _zEurope, Eastern. |
|
| 650 | 0 |
_aAgriculture and state _zAsia, Central. |
|
| 650 | 0 |
_aAgricultural subsidies _zEurope, Eastern. |
|
| 650 | 0 |
_aAgricultural subsidies _zAsia, Central. |
|
| 650 | 0 |
_aAgricultural industries _zEurope, Eastern. |
|
| 650 | 0 |
_aAgricultural industries _zAsia, Central. |
|
| 655 | 7 |
_aElectronic books. _2local |
|
| 700 | 1 | _aAnderson, Kym. | |
| 700 | 1 |
_aSwinnen, Johan F. M., _d1962- |
|
| 710 | 2 | _aebrary, Inc. | |
| 830 | 0 | _aTrade and development series. | |
| 856 | 4 | 0 |
_uhttp://site.ebrary.com/lib/rucke/Doc?id=10236064 _zAn electronic book accessible through the World Wide Web; click to view |
| 999 |
_c37001 _d37001 |
||